Words with 'EAR' Quiz Stats

Quiz Updated Dec 9, 2015

Challenge
Share
Tweet
Embed
Score 0/38 Timer 06:00
0 Plays Today
% Correct
_ E A R _TEARS
82.9%
_ E A R _FEARS
82.5%
_ E A R _BEARS
82.4%
_ E A R _PEARS
81.8%
_ _ E A RCLEAR
81.1%
_ E A R _HEARS
81%
E A R _ _EARTH
77.7%
_ E A R _GEARS
77.5%
_ E A R _NEARS
77.1%
_ E A R _DEARS
76.7%
_ E A R _WEARS
76.2%
_ E A R _REARS
74%
_ _ E A RSHEAR
72.1%
_ E A R _YEARS
71.8%
E A R _ _EARLY
71.4%
_ E A R _SEARS
71.3%
_ _ E A RSPEAR
71.1%
E A R _ _EARNS
69.3%
_ E A R _LEARS
69.2%
% Correct
_ E A R _HEART
68.7%
_ E A R _BEARD
62.6%
_ E A R _HEARD
59.6%
_ _ E A RSMEAR
59.4%
_ E A R _WEARY
57.2%
_ _ E A RBLEAR
55.9%
_ E A R _DEARY
55.4%
_ _ E A RDREAR
55.1%
_ E A R _LEARN
53.8%
_ E A R _PEARL
53.7%
_ E A R _YEARN
50.9%
_ E A R _TEARY
50.4%
_ _ E A RSWEAR
50.4%
E A R _ _EARLS
50%
_ E A R _LEARY
40.6%
_ E A R _PEART
40%
_ _ E A RANEAR
25%
_ E A R _REARM
21.6%
E A R _ _EARED
21%

You're not logged in!

Compare scores with friends on all Sporcle quizzes.
Sign Up with Email
OR
Log In

You Might Also Like...

Show Comments

Extras

Top Quizzes Today


Score Distribution

Your Account Isn't Verified!

In order to create a playlist on Sporcle, you need to verify the email address you used during registration. Go to your Sporcle Settings to finish the process.